书目信息 |
| 题名: |
果树栽培
|
|
| 作者: | ;四川省绿色证书教材编写委员会 编 | |
| 分册: | ||
| 出版信息: | 成都 电子科技大学出版社 1993 |
|
| 页数: | 322页 | |
| 开本: | 21cm | |
| 丛书名: | 学生农业知识丛书 | |
| 单 册: | ||
| 中图分类: | S66 | |
| 科图分类: | ||
| 主题词: | 果树--栽培 , 果树 | |
| 电子资源: | ||
| ISBN: | 7-81016-830-4 | |
| 000 | 00877oam2 2200265 45 | |
| 001 | 01200620000098 | |
| 005 | 20070113104923.01 | |
| 010 | @a7-81016-830-4@dCNY26.50 | |
| 092 | @aCN@b492499 | |
| 100 | @a20060428e20051993em y0chiy0120 ea | |
| 101 | 0 | @achi |
| 102 | @aCN@b510000 | |
| 105 | @aa z 000yy | |
| 200 | 1 | @a果树栽培@9guo shu zai pei@f四川省绿色证书教材编写委员会编 |
| 210 | @a成都@c电子科技大学出版社@d1993@h2005重印 | |
| 215 | @a322页@c图@d21cm | |
| 225 | 2 | @a学生农业知识丛书 |
| 330 | @a本书主要章节:果树栽培基本知识、果苗培育、果园建立、果园土肥水管理、树体管理、花果管理等。 | |
| 461 | 0 | @12001 @a学生农业知识丛书 |
| 606 | 0 | @a果树@x栽培 |
| 606 | 0 | @a果树 |
| 690 | @aS66@v4 | |
| 711 | 02 | @a四川省绿色证书教材编写委员会@9si chuan sheng lu^ se zheng shu jiao cai bian xie wei yuan hui@4编 |
| 801 | 0 | @aCN@bLZJBOOK@c20070113 |
| 905 | @a10447@dS66@e151 | |
| 果树栽培/四川省绿色证书教材编写委员会编.-成都:电子科技大学出版社,1993(2005重印) |
| 322页:图;21cm.-(学生农业知识丛书) |
| ISBN 7-81016-830-4:CNY26.50 |
| 本书主要章节:果树栽培基本知识、果苗培育、果园建立、果园土肥水管理、树体管理、花果管理等。 |
| ● |
| 相关链接 |
|
|
|
|
正题名:果树栽培
索取号:S66/151
 
预约/预借
| 序号 | 登录号 | 条形码 | 馆藏地/架位号 | 状态 | 备注 |
| 1 | 0564393 | 205643936 | 第二样本阅览室/ [索取号:S66/151] | 在馆 | |
| 2 | 0564394 | 205643945 | 第三借阅区/ [索取号:S66/151] | 在馆 | |
| 3 | 0564395 | 205643954 | 教育系资料室/ [索取号:S66/151] | 在馆 | |
| 4 | 0564396 | 205643963 | 第三借阅区/ [索取号:S66/151] | 在馆 | |
| 5 | 0564397 | 205643972 | 教育系资料室/ [索取号:S66/151] | 在馆 | |
| 6 | 0564398 | 205643981 | 第三借阅区/ [索取号:S66/151] | 在馆 | |
| 7 | 0564399 | 205643990 | 教育系资料室/ [索取号:S66/151] | 在馆 | |
| 8 | 0564400 | 205644007 | 教育系资料室/ [索取号:S66/151] | 在馆 |